00804 a2200181 45000010006000000050017000060080041000230030015000640400040000790800037001192450096001560200022002522640079002743000019003535050213003720410008005851000029005934316520260407155715.0260407a2008 arg spa dAR-UNSa-BCEJYS aAR-UNSa-BCEJYSbspacAR-UNSa-BCEJYS a342(09)xHistoria Constitucional10aEn cumplimiento de pactos preexistentesporganización institucional argentina (1820-1853) a978-950-34-0464-5 1aLa Plata :b(EDULP) Editorial de la Universidad Nacional de la Platac2008 a132 p.c21 cm. a1. Pacto de Pilar - 2. Pacto de Benegas - 3. Tratado del Cuadrilátero - 4. Convenciones de Cañuelas y Barracas - 5. Pacto Federal - 6. Acuerdo de San Nicolás - 7. Constitución de la Nación Argentina aspa1 aMoreno, Guillermo Raúl